Qué es la música electrónica?

Guardat en:
Dades bibliogràfiques
Autor principal: Eimert, Herbert (Autor)
Format: Llibre
Idioma:espanyol
Publicat: Buenos Aires Nueva Visión 1973
Col·lecció:Colección Fichas, 14
Matèries:
Etiquetes: Afegir etiqueta
Sense etiquetes, Sigues el primer a etiquetar aquest registre!

MARC

LEADER 00000nam a2200000 a 4500
001 UCN2468
003 CL-VaPUC
005 20231102150232.0
008 010518e19730000AG |||||||||||||||||spa|d
999 |c 295569  |d 295567 
040 |c Pontificia Universidad Católica de Valparaíso 
082 0 4 |a 786.74 EIM 1973  |2 21 
100 0 |a Eimert, Herbert  |e author  |9 458394 
245 1 0 |a Qué es la música electrónica? 
260 |a Buenos Aires  |b Nueva Visión  |c 1973 
300 |a 136 p 
490 0 |a Colección Fichas, 14 
583 |a last modification  |c 20010518 00:00:00  |k Rodrigo Vera 
650 0 |a Música electrónica  |9 306461 
650 0 |a Tecnología electrónica  |9 334386 
942 |c BK  |2 ddc 
945 |d 20010518 00:00:00  |a crobeson